Skúmanie vplyvov pokrízového vývoja na strategické smerovanie EÚ s dôrazom na energetickú politiku súbor vedeckých statí k projektu VEGA 1/0826/12

Na minha lista:
Detalhes bibliográficos
Autor Corporativo: Obchodná fakulta EU. Katedra medzinárodného obchodu
Outros Autores: Silná, Zuzana, Pristaš, Vladimír
Formato: Livro
Idioma:eslovaco
Publicado em: Bratislava Vydavateľstvo EKONÓM 2013
Edição:1. vyd.
Assuntos:
Tags: Adicionar Tag
Sem tags, seja o primeiro a adicionar uma tag!

MARC

LEADER 00000nam a2200000 4500
001 0182674
005 20240405101519.6
020 |a 978-80-225-3810-7 
041 0 |a slo 
044 |a SK 
245 1 0 |a Skúmanie vplyvov pokrízového vývoja na strategické smerovanie EÚ s dôrazom na energetickú politiku  |b súbor vedeckých statí k projektu VEGA 1/0826/12  |c odborný garant publikácie Peter Baláž ; recenzenti Zuzana Silná, Vladimír Pristaš 
250 |a 1. vyd. 
264 1 |a Bratislava  |b Vydavateľstvo EKONÓM  |c 2013 
300 |a 158 s. 
610 2 0 |a politika energetická 
610 2 0 |a energetika 
610 2 0 |a stratégia hospodárska 
610 2 0 |a politika hospodárska 
610 2 0 |a politika hospodárska medzinárodná 
610 2 0 |a konkurencieschopnosť 
610 2 0 |a Slovensko 
610 2 0 |a Európska únia 
700 1 |a Silná, Zuzana 
700 1 |a Pristaš, Vladimír 
710 2 |a Obchodná fakulta EU. Katedra medzinárodného obchodu